[Event "15. Sparkassen Open 2016 - Gruppe B"]
[Site "Forchheim"]
[Date "2016.10.02"]
[Round "4.34"]
[White "Roth, Jakob"]
[Black "Ganser, Ganokorn"]
[Result "1/2-1/2"]
[WhiteElo "1872"]
[BlackElo "1714"]
[PlyCount "100"]
[EventDate "2016.??.??"]
[WhiteTeam "Spvgg Stetten"]
[BlackTeam "SC Böblingen"]

1. d4 Nf6 2. c4 g6 3. Nc3 Bg7 4. e4 d6 5. Be2 O-O 6. Nf3 e5 7. Be3 Ng4 8. Bg5
f6 9. Bc1 exd4 10. Nxd4 Ne5 11. Be3 Nbc6 12. O-O Nxd4 13. Bxd4 Nc6 14. Be3 f5
15. Qd2 Re8 16. Nd5 Rxe4 17. Bf3 Re6 18. Bg5 Qd7 19. Nf4 Re8 20. Bd5+ Kh8 21.
Qd3 Ne5 22. Qh3 c6 23. Bf3 Nxf3+ 24. Qxf3 Bxb2 25. Rae1 Qf7 26. Rxe8+ Qxe8 27.
Nd3 Bc3 28. Rc1 Ba5 29. Bf6+ Kg8 30. Qg3 Qe6 31. Qg5 Kf7 32. Bb2 Qe2 33. Qf6+
Ke8 34. Qh8+ Kd7 35. Bf6 c5 36. Qxh7+ Kc6 37. Qxg6 Be6 38. Be5 Qxd3 39. Qxe6
Bc7 40. Bf6 Qe4 41. Qxe4+ fxe4 42. h4 Rf8 43. Bc3 d5 44. cxd5+ Kxd5 45. Rd1+
Ke6 46. Rb1 b6 47. Rb2 Kf5 48. Rd2 Rd8 49. Rxd8 Bxd8 50. g3 Kg4 1/2-1/2

[Event "15. Sparkassen Open 2016 - Gruppe B"]
[Site "Forchheim"]
[Date "2016.10.02"]
[Round "4.35"]
[White "Alsheimer, Lea"]
[Black "Brenzinger, Thomas"]
[Result "0-1"]
[WhiteElo "1689"]
[BlackElo "1781"]
[PlyCount "33"]
[EventDate "2016.??.??"]
[WhiteTeam "SC Bechhofen"]
[BlackTeam "SK Mannheim-Lindenhof"]

1. d4 c5 2. Nf3 Nf6 3. e3 e6 4. Bd3 d5 5. b3 cxd4 6. exd4 Nc6 7. a3 Bd6 8. Bb2
O-O 9. O-O Qc7 10. Re1 b6 11. Nbd2 Bb7 12. Ne5 Ne7 13. Re3 Ng6 14. Qf3 Bxe5 15.
Bxg6 Bxh2+ 16. Kf1 Qc3 17. Qf4 0-1

[Event "15. Sparkassen Open 2016 - Gruppe B"]
[Site "Forchheim"]
[Date "2016.10.02"]
[Round "4.36"]
[White "Krumschmidt, Michael"]
[Black "Bandau, Frank"]
[Result "0-1"]
[WhiteElo "1692"]
[BlackElo "1643"]
[PlyCount "41"]
[EventDate "2016.??.??"]
[WhiteTeam "Hamelner SV"]
[BlackTeam "SK Goslar"]

1. d4 Nf6 2. c4 g6 3. Nc3 Bg7 4. e4 d6 5. f3 O-O 6. Be3 Nc6 7. a3 a6 8. g4 Rb8
9. Qd2 e5 10. d5 Nd4 11. Bxd4 exd4 12. Nce2 c5 13. h4 h5 14. gxh5 Nxh5 15. Nh3
Qxh4+ 16. Nf2 Qf6 17. Bg2 b5 18. Ng4 Qd8 19. Nf4 Bxg4 20. fxg4 Nxf4 21. Qxf4
0-1

[Event "15. Sparkassen Open 2016 - Gruppe B"]
[Site "Forchheim"]
[Date "2016.10.02"]
[Round "4.37"]
[White "Obernöder, Thomas"]
[Black "Albayrak, Aylin"]
[Result "1-0"]
[WhiteElo "1767"]
[BlackElo "1726"]
[PlyCount "77"]
[EventDate "2016.??.??"]
[WhiteTeam "SK Weilheim"]
[BlackTeam "Zabo-Eintracht Nürnberg"]

1. c4 e5 2. g3 Bc5 3. Bg2 Nf6 4. Nc3 O-O 5. d3 h6 6. Nf3 Re8 7. O-O Nc6 8. a3
a6 9. b4 Ba7 10. Bb2 Nd4 11. e3 Nxf3+ 12. Bxf3 c6 13. Qb3 d6 14. Rfd1 Bg4 15.
Bxg4 Nxg4 16. Ne4 d5 17. h3 Nxe3 18. fxe3 dxe4 19. c5 Qg5 20. Kg2 Qxe3 21. Rf1
Qe2+ 22. Rf2 Qh5 23. Raf1 Rf8 24. dxe4 Rad8 25. g4 Qg6 26. Rf5 h5 27. Kg3 hxg4
28. hxg4 Rd2 29. Bxe5 b6 30. Bd6 Rxd6 31. cxd6 Qxd6+ 32. e5 Qe7 33. e6 Bb8+ 34.
Kg2 f6 35. g5 Be5 36. g6 Rd8 37. Rh1 c5 38. Rfh5 Qb7+ 39. Kf1 1-0

[Event "15. Sparkassen Open 2016 - Gruppe B"]
[Site "Forchheim"]
[Date "2016.10.02"]
[Round "4.38"]
[White "Jacob, Karl-Heinz"]
[Black "Kolb, Tobias"]
[Result "1/2-1/2"]
[WhiteElo "1744"]
[BlackElo "1664"]
[PlyCount "65"]
[EventDate "2016.??.??"]
[WhiteTeam "SG Sonneberg"]
[BlackTeam "SV Seubelsdorf"]

1. Nf3 e6 2. c4 Nf6 3. g3 d5 4. Bg2 Nc6 5. cxd5 Nxd5 6. O-O Bc5 7. h3 Qf6 8.
Nc3 Nxc3 9. dxc3 h6 10. Qc2 O-O 11. b4 Bd6 12. Bb2 e5 13. e3 Bf5 14. e4 Bg4 15.
Nd2 Qe6 16. Rfe1 Bxh3 17. Re2 Bxg2 18. Kxg2 Ne7 19. Rf1 Ng6 20. c4 Qg4 21. f3
Qg5 22. Kh1 c5 23. b5 Rad8 24. Nb1 Bc7 25. Nc3 Rd7 26. Nd5 Ne7 27. Qd2 Qxd2 28.
Rxd2 Nxd5 29. exd5 Re8 30. Re2 Rde7 31. Rfe1 Ba5 32. Rd1 e4 33. d6 1/2-1/2

[Event "15. Sparkassen Open 2016 - Gruppe B"]
[Site "Forchheim"]
[Date "2016.10.02"]
[Round "4.39"]
[White "von Kortzfleisch, Ruben"]
[Black "Wirth, Reinhard"]
[Result "1/2-1/2"]
[WhiteElo "1618"]
[BlackElo "1732"]
[PlyCount "65"]
[EventDate "2016.??.??"]
[WhiteTeam "SF Bad Mergentheim"]
[BlackTeam "SC Bergrheinfeld"]

1. e4 e5 2. Nf3 Nc6 3. Bc4 Nf6 4. O-O Bc5 5. Nc3 d6 6. d3 Ne7 7. Na4 Bb6 8.
Nxb6 axb6 9. Ng5 O-O 10. f4 exf4 11. Bxf4 Ng6 12. Bd2 h6 13. Nf3 Be6 14. Bxe6
fxe6 15. Nd4 Qe7 16. Qe1 c5 17. Qg3 Kh7 18. Nb5 Rac8 19. a4 e5 20. c4 Nh5 21.
Qe3 Nhf4 22. g3 Ne6 23. b4 Rxf1+ 24. Kxf1 Rf8+ 25. Kg2 Ng5 26. Qe2 Ne6 27. a5
Ra8 28. Qd1 bxa5 29. bxc5 Nxc5 30. Rxa5 Rxa5 31. Bxa5 Qg5 32. Bd2 Qd8 33. Be3
1/2-1/2

[Event "15. Sparkassen Open 2016 - Gruppe B"]
[Site "Forchheim"]
[Date "2016.10.02"]
[Round "4.40"]
[White "Lehmann, Tornalf"]
[Black "Baumgärtner, Frank"]
[Result "1/2-1/2"]
[WhiteElo "1675"]
[BlackElo "1823"]
[PlyCount "55"]
[EventDate "2016.??.??"]
[WhiteTeam "SC Heilsbronn"]
[BlackTeam "Kronacher SK"]

1. e4 e5 2. Bc4 Nf6 3. d4 Nc6 4. d5 Nb8 5. Nc3 d6 6. h3 Be7 7. Nf3 a6 8. O-O
O-O 9. Re1 Nbd7 10. a3 Re8 11. Nh2 Nf8 12. f4 exf4 13. Bxf4 Ng6 14. Bg3 Ne5 15.
Ba2 Bd7 16. Nf3 Bf8 17. Nxe5 dxe5 18. Rf1 Qe7 19. Kh1 Qd6 20. Qe2 Be7 21. Nd1
Rf8 22. c4 b6 23. Nf2 Ne8 24. Nd3 f6 25. b4 c5 26. bxc5 Qxc5 27. Rfc1 Kh8 28.
Rf1 1/2-1/2

[Event "15. Sparkassen Open 2016 - Gruppe B"]
[Site "Forchheim"]
[Date "2016.10.02"]
[Round "4.41"]
[White "Bauschke, Norman"]
[Black "Rierl, Klaus"]
[Result "1/2-1/2"]
[WhiteElo "1601"]
[BlackElo "1756"]
[PlyCount "55"]
[EventDate "2016.??.??"]
[WhiteTeam "SC Höchstadt/Aisch"]
[BlackTeam "SG Sonneberg"]

1. e4 e5 2. Bc4 Nf6 3. d4 Nc6 4. d5 Nb8 5. Nc3 d6 6. h3 Be7 7. Nf3 a6 8. O-O
O-O 9. Re1 Nbd7 10. a3 Re8 11. Nh2 Nf8 12. f4 exf4 13. Bxf4 Ng6 14. Bg3 Ne5 15.
Ba2 Bd7 16. Nf3 Bf8 17. Nxe5 dxe5 18. Rf1 Qe7 19. Kh1 Qd6 20. Qe2 Be7 21. Nd1
Rf8 22. c4 b6 23. Nf2 Ne8 24. Nd3 f6 25. b4 c5 26. bxc5 Qxc5 27. Rfc1 Kh8 28.
Bf2 1/2-1/2

[Event "15. Sparkassen Open 2016 - Gruppe B"]
[Site "Forchheim"]
[Date "2016.10.02"]
[Round "4.42"]
[White "Hartewig, Anja"]
[Black "Poppe, Wolfgang"]
[Result "1-0"]
[WhiteElo "1790"]
[BlackElo "1626"]
[PlyCount "65"]
[EventDate "2016.??.??"]
[WhiteTeam "Chemnitzer SC Aufbau"]
[BlackTeam "SK Bad Neustadt"]

1. d4 d5 2. c4 e6 3. Nf3 Nf6 4. g3 c6 5. Bg2 Bd6 6. Nbd2 Nbd7 7. O-O O-O 8. b3
e5 9. dxe5 Nxe5 10. cxd5 Nxd5 11. Bb2 Qc7 12. Qc2 Be6 13. Ng5 Ng6 14. Nxe6 fxe6
15. Nc4 Rae8 16. Be4 Nde7 17. Nxd6 Qxd6 18. Rad1 Qc7 19. Qc4 Qc8 20. Rd6 Nf5
21. Bxf5 Rxf5 22. Qd4 Rf7 23. Qxa7 Rd7 24. Rfd1 Nf8 25. Qd4 Ree7 26. Qg4 Qe8
27. h4 Qf7 28. Kg2 Qf5 29. Qb4 Rf7 30. f3 Qc2 31. R1d2 Qb1 32. Rxd7 Nxd7 33.
Qxb7 1-0

[Event "15. Sparkassen Open 2016 - Gruppe B"]
[Site "Forchheim"]
[Date "2016.10.02"]
[Round "4.43"]
[White "Knauer, Finn"]
[Black "Nettelbeck, Jann"]
[Result "*"]
[WhiteElo "1498"]
[BlackElo "1739"]
[PlyCount "43"]
[EventDate "2016.??.??"]
[WhiteTeam "SK Weidhausen"]
[BlackTeam "Turm Kandel"]

1. d4 Nf6 2. Nf3 d6 3. e3 g6 4. Bd3 Bg7 5. b3 O-O 6. Bb2 c6 7. Nbd2 b5 8. c4
bxc4 9. Nxc4 Na6 10. Qd2 c5 11. Rc1 Nb4 12. Ba1 Qc7 13. dxc5 dxc5 14. Bc3 Rd8
15. Qb2 Bb7 16. Qe2 Ne4 17. Bxg7 Kxg7 18. O-O Nd6 19. Nxd6 exd6 20. a3 Ba6 21.
Qb2+ f6 22. axb4 *

[Event "15. Sparkassen Open 2016 - Gruppe B"]
[Site "Forchheim"]
[Date "2016.10.02"]
[Round "4.44"]
[White "Drewes, Thomas"]
[Black "Völk, Tobias"]
[Result "1/2-1/2"]
[WhiteElo "1824"]
[BlackElo "1677"]
[PlyCount "78"]
[EventDate "2016.??.??"]
[WhiteTeam "SV Würzburg"]
[BlackTeam "SC JÄKLECHEMIE"]

1. d4 d5 2. Bf4 Nf6 3. Nf3 e6 4. e3 c5 5. c3 Be7 6. Bd3 O-O 7. Nbd2 Nbd7 8. h3
b6 9. Ne5 Bb7 10. Ndf3 Rc8 11. O-O Nxe5 12. Nxe5 Nd7 13. Qh5 Nf6 14. Qe2 Nd7
15. Nxd7 Qxd7 16. Bg3 Bd6 17. f4 f5 18. Bh4 Be7 19. Bxe7 Qxe7 20. Qh5 Qf7 21.
Qxf7+ Rxf7 22. Rf3 c4 23. Be2 a5 24. g4 b5 25. a3 Bc6 26. Kf2 Rb7 27. Rg3 Rcb8
28. gxf5 exf5 29. Rag1 Kh8 30. Rg5 g6 31. h4 Be8 32. h5 h6 33. R5g2 gxh5 34.
Rg8+ Kh7 35. Rf8 Rf7 36. Rxe8 Rxe8 37. Bxh5 Ref8 38. Bg6+ Kg7 39. Bxf7+ Kxf7
1/2-1/2

[Event "15. Sparkassen Open 2016 - Gruppe B"]
[Site "Forchheim"]
[Date "2016.10.02"]
[Round "4.45"]
[White "Kirchner, Markus"]
[Black "Köhl, Marko"]
[Result "0-1"]
[WhiteElo "1704"]
[BlackElo "1544"]
[PlyCount "42"]
[EventDate "2016.??.??"]
[WhiteTeam "SF Schöneck"]
[BlackTeam "SK Rothenburg"]

1. e4 b6 2. d4 Bb7 3. Nc3 e6 4. Nf3 Bb4 5. Bd3 d5 6. exd5 Bxc3+ 7. bxc3 Bxd5 8.
O-O Ne7 9. Re1 Nd7 10. Be3 O-O 11. c4 Bb7 12. c3 Rc8 13. Qe2 Re8 14. Rad1 Ng6
15. Bg5 Bxf3 16. Qxf3 Qxg5 17. g3 Qf6 18. Qg2 c6 19. Re3 Qe7 20. Rde1 Nf6 21.
c5 bxc5 0-1

[Event "15. Sparkassen Open 2016 - Gruppe B"]
[Site "Forchheim"]
[Date "2016.10.02"]
[Round "4.46"]
[White "Weißmann, Peter"]
[Black "Eichenauer, Pascal"]
[Result "1/2-1/2"]
[WhiteElo "1778"]
[BlackElo "1878"]
[PlyCount "35"]
[EventDate "2016.??.??"]
[WhiteTeam "SK Zirndorf"]
[BlackTeam "SV Würzburg"]

1. e4 d6 2. d4 Nf6 3. Nc3 g6 4. Be2 Bg7 5. h4 c6 6. g4 h6 7. f3 Nbd7 8. Be3 e5
9. Qd2 d5 10. dxe5 Nxe5 11. exd5 Nxd5 12. Nxd5 cxd5 13. O-O-O Be6 14. Bc5 Nc4
15. Bxc4 dxc4 16. Qb4 Qc7 17. Bd4 Qc6 18. Nh3 1/2-1/2

[Event "15. Sparkassen Open 2016 - Gruppe B"]
[Site "Forchheim"]
[Date "2016.10.02"]
[Round "4.48"]
[White "Hohner, Karl-Heinz"]
[Black "Dreiseitel, Werner"]
[Result "1/2-1/2"]
[WhiteElo "1837"]
[BlackElo "1599"]
[PlyCount "45"]
[EventDate "2016.??.??"]
[WhiteTeam "vereinslos"]
[BlackTeam "SGem Fürth"]

1. d4 d5 2. c4 c6 3. Nc3 Nf6 4. Nf3 e6 5. e3 Nbd7 6. Bd3 dxc4 7. Bxc4 b5 8. Bd3
a6 9. O-O c5 10. Qe2 Bb7 11. b3 Be7 12. Bb2 O-O 13. Rfd1 Qb6 14. Rac1 cxd4 15.
exd4 Rfe8 16. Ne5 Rad8 17. Bb1 Nf8 18. Ne4 Nxe4 19. Bxe4 Rc8 20. Qf3 Bxe4 21.
Qxe4 Bf6 22. Ng4 Nd7 23. h3 1/2-1/2

[Event "15. Sparkassen Open 2016 - Gruppe B"]
[Site "Forchheim"]
[Date "2016.10.02"]
[Round "4.49"]
[White "Knoll, Ernst"]
[Black "Modric, Vladimir"]
[Result "0-1"]
[WhiteElo "1607"]
[BlackElo "1960"]
[PlyCount "104"]
[EventDate "2016.??.??"]
[WhiteTeam "Schachtreff Röttenbach"]
[BlackTeam "SC Nied"]

1. c4 Nf6 2. Nc3 d5 3. cxd5 Nxd5 4. e4 Nxc3 5. bxc3 g6 6. d4 Bg7 7. Nf3 c5 8.
Bb5+ Bd7 9. Qa4 O-O 10. O-O Bxb5 11. Qxb5 cxd4 12. cxd4 Qd7 13. Qxd7 Nxd7 14.
Ba3 Rfc8 15. Rac1 e6 16. Rfd1 Nb6 17. Rxc8+ Rxc8 18. Bc5 Nd7 19. Bb4 Rc4 20. a3
b6 21. h3 a5 22. Be7 Bf8 23. Bxf8 Kxf8 24. d5 e5 25. Nd2 Rd4 26. Kf1 Nc5 27. f3
Rd3 28. Ke2 Rxa3 29. Rb1 Na4 30. Kf1 Rc3 31. Ra1 Nc5 32. Rb1 Nd7 33. Rb2 a4 34.
Nb1 Rc1+ 35. Ke2 Ke7 36. Kd2 Rc8 37. Nc3 Rc4 38. Ra2 Nc5 39. Nb5 Nb3+ 40. Ke1
Rc1+ 41. Kf2 Nc5 42. Ke2 Rb1 43. Nc3 Rb4 44. Kd1 b5 45. Kd2 Nb3+ 46. Ke3 Nd4
47. g3 Rb3 48. Kd2 Nxf3+ 49. Kc2 f5 50. Nxb5 Rxb5 51. Rxa4 Nd4+ 52. Kd3 Rb3+
0-1

[Event "15. Sparkassen Open 2016 - Gruppe B"]
[Site "Forchheim"]
[Date "2016.10.02"]
[Round "4.50"]
[White "Seifert, Heinz"]
[Black "Gajewski, Richard"]
[Result "1-0"]
[WhiteElo "1650"]
[BlackElo "1735"]
[PlyCount "50"]
[EventDate "2016.??.??"]
[WhiteTeam "SV Lauf"]
[BlackTeam "Wolframs-Eschenbach"]

1. e4 d5 2. exd5 Nf6 3. d4 Nxd5 4. c4 Nb6 5. Nf3 Bg4 6. Be3 e6 7. Nbd2 Bb4 8.
Qb3 Bxd2+ 9. Nxd2 Qc8 10. h3 Bf5 11. Be2 N6d7 12. Bf3 c6 13. Qa3 a5 14. O-O b6
15. Rfe1 f6 16. Qd6 Nf8 17. d5 cxd5 18. cxd5 Qd7 19. Qxd7+ Nbxd7 20. dxe6 Rc8
21. exd7+ Nxd7 22. Bxb6+ Ne5 23. Bd5 Rc2 24. Nf3 Kd7 25. Nxe5+ fxe5 1-0

[Event "15. Sparkassen Open 2016 - Gruppe B"]
[Site "Forchheim"]
[Date "2016.10.03"]
[Round "5.1"]
[White "Meulner, Fabian"]
[Black "Gebhardt, Christian"]
[Result "1/2-1/2"]
[WhiteElo "1870"]
[BlackElo "1913"]
[PlyCount "45"]
[EventDate "2016.??.??"]
[WhiteTeam "SW Nürnberg Süd"]
[BlackTeam "SV Seubelsdorf"]

1. d4 d6 2. e4 Nf6 3. Nc3 g6 4. f4 Bg7 5. Nf3 O-O 6. Bd3 Nbd7 7. e5 Ne8 8. Ne4
c5 9. Nfg5 h6 10. Nxf7 Kxf7 11. e6+ Kxe6 12. Bc4+ d5 13. Qg4+ Rf5 14. Qxg6+
Ndf6 15. Nxc5+ Kd6 16. Bd3 b6 17. Nb3 Qd7 18. g4 Qe6+ 19. Kd1 Ne4 20. Qxe6+
Bxe6 21. Bxe4 Rf8 22. Bf3 Nf6 23. f5 1/2-1/2

[Event "15. Sparkassen Open 2016 - Gruppe B"]
[Site "Forchheim"]
[Date "2016.10.03"]
[Round "5.5"]
[White "Üstün, Engin"]
[Black "Lutter, Maximilian"]
[Result "1/2-1/2"]
[WhiteElo "1795"]
[BlackElo "1842"]
[PlyCount "26"]
[EventDate "2016.??.??"]
[BlackTeam "SK Neumarkt"]

1. e4 e6 2. d4 d5 3. exd5 exd5 4. Bd3 Bd6 5. Ne2 Nc6 6. O-O Nge7 7. c3 Bg4 8.
Bg5 f6 9. Bh4 Qd7 10. Nd2 O-O 11. Qc2 Bf5 12. Bg3 Bxd3 13. Qxd3 Bxg3 1/2-1/2

[Event "15. Sparkassen Open 2016 - Gruppe B"]
[Site "Forchheim"]
[Date "2016.10.03"]
[Round "5.7"]
[White "Rieber, René"]
[Black "Huber, Lukas"]
[Result "1-0"]
[WhiteElo "1898"]
[BlackElo "1924"]
[PlyCount "114"]
[EventDate "2016.??.??"]
[WhiteTeam "SC Ansbach"]
[BlackTeam "SC Tannhausen"]

1. e4 e6 2. d4 d5 3. Nd2 c5 4. dxc5 Bxc5 5. Nb3 Be7 6. exd5 Qxd5 7. Qxd5 exd5
8. Be3 Nf6 9. O-O-O O-O 10. f3 Nc6 11. Ne2 Be6 12. Ned4 Rfd8 13. Nxe6 fxe6 14.
c3 b6 15. Bb5 Ne5 16. Rhe1 Nc4 17. Bf4 e5 18. Bxe5 Nxe5 19. Rxe5 Bd6 20. Rf5
Bxh2 21. Bc6 Rac8 22. Bxd5+ Nxd5 23. Rdxd5 Re8 24. Rd7 Re2 25. g4 g6 26. Rff7
Be5 27. Rxa7 h5 28. gxh5 gxh5 29. f4 Rf2 30. f5 Rd8 31. Nd4 Bxd4 32. cxd4 Rc8+
33. Kd1 Rg2 34. f6 Rd8 35. Rg7+ Rxg7 36. Rxg7+ Kf8 37. Rh7 Rxd4+ 38. Kc2 h4 39.
Kc3 Rf4 40. b3 b5 41. a3 Ke8 42. f7+ Kf8 43. Rh5 b4+ 44. axb4 Kxf7 45. b5 Kg6
46. Rh8 Kg7 47. Rd8 h3 48. Rd2 Rh4 49. Rh2 Rh6 50. Kb4 Kf7 51. Ka5 Ke7 52. b6
Kd7 53. Ka6 Kc8 54. Ka7 Rh7+ 55. Ka8 Rh8 56. Rxh3 Rxh3 57. b7+ Kd7 1-0

[Event "15. Sparkassen Open 2016 - Gruppe B"]
[Site "Forchheim"]
[Date "2016.10.03"]
[Round "5.9"]
[White "Spangenberg, Romy"]
[Black "Hummel, Thomas"]
[Result "1-0"]
[WhiteElo "1862"]
[BlackElo "1906"]
[PlyCount "84"]
[EventDate "2016.??.??"]
[WhiteTeam "SC Leipzig-Lindenau"]
[BlackTeam "SK Neumarkt"]

1. e4 g6 2. d4 Bg7 3. Nf3 d6 4. Bd3 Bg4 5. c3 c6 6. O-O Qc7 7. Nbd2 Nd7 8. h3
Bxf3 9. Nxf3 e5 10. Bc4 h6 11. Qc2 Ne7 12. dxe5 dxe5 13. b4 Nb6 14. Bb3 O-O 15.
Be3 Nd7 16. a4 Kh7 17. Rad1 b6 18. a5 Nf6 19. a6 Kg8 20. c4 Rad8 21. Nd2 c5 22.
bxc5 bxc5 23. Ba4 Qb6 24. Nb3 Rxd1 25. Rxd1 Rc8 26. Bb5 g5 27. f3 Ng6 28. Qd2
Bf8 29. Qa5 Qe6 30. Rd8 Kg7 31. Bd7 Nxd7 32. Rxc8 Nb6 33. Rc7 Nxc4 34. Qc3 Nf4
35. Bxf4 gxf4 36. Rxa7 Ne3 37. Rc7 c4 38. Na1 Bc5 39. Kh1 Bd4 40. Qe1 Qg6 41.
Qa5 Bxa1 42. a7 Qc6 1-0

[Event "15. Sparkassen Open 2016 - Gruppe B"]
[Site "Forchheim"]
[Date "2016.10.03"]
[Round "5.10"]
[White "Jülg, Gabriel"]
[Black "Wulf, Jürgen"]
[Result "0-1"]
[WhiteElo "1821"]
[BlackElo "1932"]
[PlyCount "70"]
[EventDate "2016.??.??"]
[WhiteTeam "SK Ettlingen"]
[BlackTeam "SK Markdorf"]

1. d4 Nf6 2. c4 e6 3. Nf3 d5 4. Bg5 Bb4+ 5. Nc3 O-O 6. a3 Bxc3+ 7. bxc3 h6 8.
Bh4 Nbd7 9. e3 c5 10. cxd5 exd5 11. Bd3 Qa5 12. Qc1 cxd4 13. Nxd4 Nc5 14. Bb1
Nfe4 15. Bxe4 dxe4 16. O-O Bd7 17. Qb2 b6 18. Qb4 Qa6 19. Be7 Rfc8 20. Nb3 Nxb3
21. Qxb3 Be6 22. Qb2 Bc4 23. Rfd1 Bd3 24. a4 Rc6 25. Bb4 Qc8 26. a5 b5 27. Qd2
Qg4 28. Ra2 Rd8 29. h3 Qg5 30. Kh1 Rg6 31. f4 exf3 32. gxf3 Qh4 33. Rg1 Qxh3+
34. Qh2 Qxf3+ 35. Rgg2 Be4 0-1

[Event "15. Sparkassen Open 2016 - Gruppe B"]
[Site "Forchheim"]
[Date "2016.10.03"]
[Round "5.11"]
[White "Petrashov, Alexander"]
[Black "Auth, Bernhard"]
[Result "1-0"]
[WhiteElo "1785"]
[BlackElo "1753"]
[PlyCount "71"]
[EventDate "2016.??.??"]
[WhiteTeam "SC Noris-Tarrasch Nürnberg"]
[BlackTeam "SC Bad Windsheim"]

1. d4 d5 2. c4 Bf5 3. Nc3 e6 4. Nf3 Nf6 5. Bg5 Be7 6. Qb3 Nc6 7. Bxf6 Bxf6 8.
e3 Na5 9. Qb4 c6 10. c5 O-O 11. Nd2 e5 12. Be2 exd4 13. exd4 Re8 14. O-O b6 15.
Nb3 Nxb3 16. axb3 b5 17. Ra6 Qc7 18. Rfa1 Bc8 19. R6a5 a6 20. Bf3 Bd8 21. Ne2
Qe7 22. R5a3 Bc7 23. Qd2 a5 24. b4 Qh4 25. g3 Qf6 26. Bg2 a4 27. b3 Bg4 28. Nc3
Re7 29. bxa4 Rae8 30. axb5 h6 31. Ra8 Bd8 32. bxc6 Qe6 33. Bxd5 Qf6 34. Bg2 Bf3
35. d5 Bxg2 36. Kxg2 1-0

[Event "15. Sparkassen Open 2016 - Gruppe B"]
[Site "Forchheim"]
[Date "2016.10.03"]
[Round "5.12"]
[White "Koelbl, Wolfgang"]
[Black "Spieker, Hans-Joachim"]
[Result "1-0"]
[WhiteElo "1815"]
[BlackElo "1890"]
[PlyCount "32"]
[EventDate "2016.??.??"]
[WhiteTeam "SK Klosterlechfeld"]
[BlackTeam "Hamelner SV"]

1. d4 Nf6 2. Nf3 g6 3. Bg5 Bg7 4. Nbd2 d5 5. e3 Bf5 6. Ne5 Nfd7 7. Nd3 c6 8.
Be2 Qb6 9. Rb1 e5 10. dxe5 Nxe5 11. Nxe5 Bxe5 12. Bh6 Nd7 13. O-O Nf6 14. Nf3
Ng8 15. Nd4 Bd7 16. e4 Be6 1-0

[Event "15. Sparkassen Open 2016 - Gruppe B"]
[Site "Forchheim"]
[Date "2016.10.03"]
[Round "5.13"]
[White "Walter, Stefan"]
[Black "Homi, Joseph"]
[Result "0-1"]
[WhiteElo "1934"]
[BlackElo "1787"]
[PlyCount "75"]
[EventDate "2016.??.??"]
[WhiteTeam "SGem Fürth"]
[BlackTeam "SGem Fürth"]

1. e4 c6 2. d4 d5 3. e5 Bf5 4. Nf3 e6 5. Be2 c5 6. Be3 Qb6 7. Nc3 c4 8. Qc1 Nc6
9. a3 Bg4 10. O-O Nge7 11. Nh4 Bxe2 12. Nxe2 Ng6 13. Nf3 Be7 14. g3 a5 15. a4
O-O 16. h4 h5 17. Ng5 Bxg5 18. hxg5 Nge7 19. c3 g6 20. Kg2 Kg7 21. Rh1 Rh8 22.
Qc2 Nf5 23. Rh2 Nxe3+ 24. fxe3 Qd8 25. Rf1 Qxg5 26. Rf4 Ne7 27. Kf2 Nf5 28. Qc1
Qe7 29. Qg1 Nh6 30. Ke1 Qd7 31. Qf1 Nf5 32. Qf3 g5 33. Rxf5 exf5 34. Rxh5 Kg6
35. Rxh8 Rxh8 36. g4 Qe6 37. gxf5+ Qxf5 38. Qxf5+ 0-1

[Event "15. Sparkassen Open 2016 - Gruppe B"]
[Site "Forchheim"]
[Date "2016.10.03"]
[Round "5.14"]
[White "Gerlach, Florian"]
[Black "Lutz, Ruben"]
[Result "1/2-1/2"]
[WhiteElo "1855"]
[BlackElo "1846"]
[PlyCount "69"]
[EventDate "2016.??.??"]
[WhiteTeam "SK Weilheim"]
[BlackTeam "USV TU Dresden"]

1. d4 d5 2. Nf3 Nf6 3. e3 Bg4 4. h3 Bh5 5. g4 Bg6 6. Ne5 Nfd7 7. h4 Nxe5 8.
dxe5 h5 9. Bd3 Bxd3 10. Qxd3 e6 11. g5 g6 12. Nc3 Nc6 13. f4 Nb4 14. Qe2 c5 15.
a3 Nc6 16. Bd2 Qd7 17. O-O-O O-O-O 18. Be1 a6 19. Bf2 Qc7 20. Nb1 b5 21. c3 Na5
22. Nd2 Be7 23. e4 Rd7 24. exd5 Rxd5 25. c4 bxc4 26. Nxc4 Nb3+ 27. Kc2 Nd4+ 28.
Bxd4 cxd4 29. Kb1 Kb8 30. Rhe1 Qb7 31. Qd3 Rc8 32. Rd2 Rc7 33. Rc2 Rb5 34. Nd6
Bxd6 35. exd6 1/2-1/2

[Event "15. Sparkassen Open 2016 - Gruppe B"]
[Site "Forchheim"]
[Date "2016.10.03"]
[Round "5.15"]
[White "Hofmann, Marko"]
[Black "Wieczorek, Heinz"]
[Result "1/2-1/2"]
[WhiteElo "1796"]
[BlackElo "1793"]
[PlyCount "120"]
[EventDate "2016.??.??"]
[WhiteTeam "SV Seubelsdorf"]
[BlackTeam "SW Nürnberg Süd"]

1. d4 Nf6 2. Nc3 d5 3. e4 dxe4 4. f3 exf3 5. Nxf3 Bg4 6. h3 Bxf3 7. Qxf3 c6 8.
Be3 e6 9. Bc4 Be7 10. O-O-O Nbd7 11. g4 Nb6 12. Bb3 Qc7 13. Rhf1 Rf8 14. g5
Nfd5 15. Nxd5 Nxd5 16. Bxd5 cxd5 17. Qh5 O-O-O 18. Rxf7 e5 19. Qg4+ Kb8 20.
Rdf1 Qc4 21. Qe6 Rxf7 22. Rxf7 Qe2 23. Bd2 Bxg5 24. Qxe5+ Qxe5 25. dxe5 Bxd2+
26. Kxd2 Re8 27. Rxg7 Rxe5 28. Rxh7 Rg5 29. h4 Rg2+ 30. Kd3 Rg3+ 31. Kd4 Rg2
32. Kc3 Rg3+ 33. Kb4 Rg4+ 34. Kb3 Rg3+ 35. Kb4 Rg2 36. Kb3 Rg3+ 37. c3 d4 38.
Rd7 dxc3 39. bxc3 Rh3 40. Rh7 Rh1 41. h5 Rb1+ 42. Kc2 Ra1 43. Kb2 Rh1 44. h6 a5
45. a4 Ka8 46. Kb3 Kb8 47. Kc4 Rh4+ 48. Kc5 Ka7 49. c4 Rh1 50. Kd6 Rd1+ 51. Ke7
Kb6 52. Ke8 Rh1 53. Kd8 Rh4 54. c5+ Kxc5 55. Rc7+ Kb4 56. h7 b5 57. axb5 a4 58.
Rf7 Kc3 59. Rf3+ Kc2 60. Rf2+ Kc3 1/2-1/2

[Event "15. Sparkassen Open 2016 - Gruppe B"]
[Site "Forchheim"]
[Date "2016.10.03"]
[Round "5.16"]
[White "Kocak, Ediz"]
[Black "Zeltner, Ottmar"]
[Result "0-1"]
[WhiteElo "1819"]
[BlackElo "1971"]
[PlyCount "55"]
[EventDate "2016.??.??"]
[WhiteTeam "SW Nürnberg Süd"]
[BlackTeam "SK Rothenburg"]

1. d4 g6 2. c4 Bg7 3. Nc3 d6 4. e4 Nc6 5. Nf3 e5 6. d5 Nce7 7. Be2 f5 8. O-O
Nf6 9. Nd2 f4 10. b4 O-O 11. c5 g5 12. cxd6 cxd6 13. f3 a6 14. b5 axb5 15. Nxb5
Bd7 16. a4 Ne8 17. Ba3 Rf6 18. Qb3 Nc8 19. Rfc1 Qb6+ 20. Kh1 Rh6 21. Nc4 Qf2
22. Qd1 Qh4 23. Qg1 Rxa4 24. Rab1 Ra8 25. Rb3 Bf8 26. Nc3 b6 27. Rcb1 Nf6 28.
Nxb6 0-1

[Event "15. Sparkassen Open 2016 - Gruppe B"]
[Site "Forchheim"]
[Date "2016.10.03"]
[Round "5.17"]
[White "Hafensteiner, Tim"]
[Black "Kohler, Alfred"]
[Result "1/2-1/2"]
[WhiteElo "1822"]
[BlackElo "1608"]
[PlyCount "68"]
[EventDate "2016.??.??"]
[WhiteTeam "Biebertaler SF"]
[BlackTeam "SK Herzogenaurach"]

1. e4 e5 2. Nf3 d6 3. d4 Nf6 4. Bg5 exd4 5. Nxd4 Be7 6. Bd3 Nbd7 7. Nf5 Nc5 8.
Nxg7+ Kf8 9. Bh6 Kg8 10. f3 Bf8 11. Nf5 Bxf5 12. Bxf8 Bg6 13. Bh6 Nfxe4 14. O-O
Nxd3 15. fxe4 Ne5 16. Qd2 Ng4 17. Bg5 Qd7 18. h3 h6 19. Bh4 Ne5 20. Bf6 Qc6 21.
Bxh8 Kxh8 22. Qxh6+ Kg8 23. Nc3 Bxe4 24. Rf2 Re8 25. Raf1 Re6 26. Qf4 Bd5 27.
Re1 Nf3+ 28. Rxf3 Rxe1+ 29. Kf2 Bxf3 30. Kxe1 Bxg2 31. Kf2 Kf8 32. Qf6 Bh1 33.
Qh8+ Ke7 34. Qh4+ Ke8 1/2-1/2